000 00714nam a2200241 i 4500
001 33313
003 ES-MaACL
005 20231222184206.0
007 t|
008 030202s1973 sp ||||1| spa d
020 _a84-276-1118-8
080 _a821.134.2 Baroja, Pío 1.07
100 1 _aBergasa, Francisco.
_927937
245 1 0 _aBaroja, las mujeres y el sexo /
_cFrancisco Bergasa.
260 _a[Madrid] :
_bEditora Nacional,
_c[1973]
300 _a442 p. ;
_c21 cm.
490 1 _aEscalada
600 1 4 _aBaroja, Pío,
_d1872-1956-
_xCrítica e interpretación
_925756
830 1 _aEscalada
_9229449
852 4 _aES-MaACL
_jC-55242
852 4 _aES-MaACL
_jC-56610
999 _c33313
_d33313